000 00553nam a2200205Ia 4500
003 GCL
008 140319s9999 xx 000 0 ara d
040 _aGCL /
_cGCL
082 0 4 _aد
_b050
100 1 _aصديق شيبوب
245 1 0 _aجوته ( اقرا 35 ) /
_cصديق شيبوب
300 _a110 ص
490 _aوثائق ونصوص
_v0
650 0 4 _aالادب الالمانى
650 0 4 _aالشعراء
650 0 4 _aالشعر الالمانى
650 0 4 _aجوتة
650 0 4 _aالشعراء - تراجم
942 _2ddc
_cCF
999 _c27250
_d27250